000 00335nam a2200133Ia 4500
008 151001s9999||||xx |||||||||||||| ||und||
100 _aवा शि आपटे
245 _aआपलं बाळ
250 _a1
260 _bसरिता प्रकाशन
260 _c1984
300 _a395
365 _b21
999 _c964047
_d964044